Państwa z literą ,,u" w nazwie - Statystyki

Ogólne statystyki
  • Ten quiz został rozwiązany 1 098 razy
    1 045 od ostatniego zresetowania
  • Średni wynik to 38 z 49
Statystyki odpowiedzi
Odpowiedź % Poprawnych
Australia
93%
Urugwaj
93%
Austria
92%
Ukraina
92%
Uzbekistan
91%
Bułgaria
87%
Uganda
87%
RPA
85%
Sudan
85%
Turcja
84%
Antigua i Barbuda
83%
Sudan Południowy
83%
Turkmenistan
83%
Burundi
81%
Luksemburg
81%
Rumunia
81%
Arabia Saudyjska
80%
Republika Środkowoafrykańska
79%
Honduras
78%
Korea Południowa
78%
Tunezja
78%
Tuvalu
78%
Gujana
77%
Kuba
77%
Kuwejt
77%
Republika Zielonego Przylądka
77%
Brunei
76%
Burkina Faso
75%
Nauru
75%
Portugalia
75%
Palau
74%
Surinam
74%
Bhutan
73%
Gwinea Bissau
73%
Peru
73%
Kolumbia
72%
Dżibuti
71%
Mauretania
70%
Mauritius
70%
Papua-Nowa Gwinea
70%
Białoruś
69%
Vanuatu
69%
Wenezuela
69%
Gruzja
68%
Demokratyczna Republika Konga
63%
Kamerun
63%
Saint Lucia
59%
Nikaragua
57%
Singapur
54%
Nie znaleziono quizów pasujących do podanych kryteriów
Rozkład punktacji
Procent ludzi z każdym wynikiem
Percentyl według liczby udzielonych odpowiedzi
Twoja historia wyników
Nie rozwiązałeś tego quizu od ostatniego zresetowania